02324nam a22002537a 4500008004100000020001800041040000800059041000800067100003700075245005900112260004300171300002400214520077000238520072301008650002801731650003901759650004501798650004101843650004301884655002701927942000801954952009301962999001502055251013b |||||||| |||| 00| 0 eng d a9788408283362 cTBS aspa aLongarela, Andrea926121eauthor aJuliette y las canciones perdidasc/ Andrea Longarela. aBarcelona :bPlaneta Publishing,c2024 a447 pages ;c23 cm. aJuliette vive en un agujero. Se sienta en él y ve la vida pasar. No le gusta su trabajo. No tiene inquietudes. No recuerda lo que significa soñar. Y hace tiempo que renunció al amor. Pero, entonces, un hombre muere. Y todo cambia. De repente, se encuentra en un pequeño pueblo de casas de colores y su camino se cruza con el de otras personas que acabarán siendo imprescindibles para ella. Una anciana a la que le atormenta la tristeza de las flores, un niño sin voz que las roba, un hombre que ama los libros y las cosas brillantes con la misma intensidad, un pintor incapaz de acabar un cuadro… Todos ellos, junto a un puñado de cartas olvidadas, ayudarán a Juliette a entender que el amor existe y que es maravilloso en todas sus versiones. aJuliette lives in a hole. She sits there and watches life go by. She doesn’t like her job. She has no ambitions. She can’t remember what it means to dream. And she gave up on love a long time ago. But then, a man dies. And everything changes. Suddenly, she finds herself in a small, colorful village, where her path crosses with others who will become essential to her. An old woman tormented by the sadness of flowers, a voiceless boy who steals them, a man who loves books and shiny things with the same passion, a painter unable to finish a single painting… All of them, together with a handful of forgotten letters, will help Juliette realize that love exists—and that it is wonderful in all its forms. 0aLettersvFiction926122 0aLife change eventsvFiction924020 0aMan-woman relationships vFiction911134 0aSpanish fictiony21st century926123 0aWomenxConduct of lifevFiction926124 0aRomance fiction922778 2lcc 00102lcc4070aTBSbTBSd2025-10-13l0oP-SP LONpB07677r2025-10-13t1w2025-10-13y1 c5035d5035